00414nam a2200181Ia 4500003000400000005001700004008004100021020001800062040000700080041000800087082001300095100001500108245003300123250000600156260003900162300001800201365001300219OSt20230405094050.0210423s2011 xx 000 0 und d a9788126515547 cAL aeng a546 LEEJ aLEE (J D). aConcise inorganic chemistry. a5 aNew DelhibBlackwell Sciencec2011 axxxv,1032bPB b650cINR